[Event "IMSA Blitz w 2016"]
[Site "Huai'an CHN"]
[Date "2016.03.01"]
[Round "22.8"]
[White "Harika, Dronavalli"]
[Black "Huang, Qian"]
[Result "1-0"]
[WhiteTitle "GM"]
[BlackTitle "WGM"]
[WhiteElo "2511"]
[BlackElo "2450"]
[WhiteFideId "5015197"]
[BlackFideId "8602689"]
[EventDate "2016.02.28"]

1. Nf3 d5 2. g3 c6 3. Bg2 Nf6 4. c4 g6 5. b3 Bg7 6. Bb2 O-O 7. O-O Bf5 8. d3
Nbd7 9. Nbd2 Re8 10. Nh4 Be6 11. Qc2 Rc8 12. b4 a5 13. a3 c5 14. b5 b6 15. e3
Qc7 16. h3 Rcd8 17. Rad1 h5 18. Nhf3 dxc4 19. Nxc4 Bd5 20. e4 Bb7 21. e5 Nh7 22.
e6 fxe6 23. Qe2 Nhf8 24. Bxg7 Kxg7 25. Ng5 Bd5 26. Rfe1 Nf6 27. Ne3 Bxg2 28.
Nxg2 e5 29. Ne3 Qd7 30. a4 Ne6 31. Nxe6+ Qxe6 32. Nc4 Qxh3 33. Nxe5 Rd4 34. Qf3
Rxa4 35. Rd2 Rd4 36. Rde2 a4 37. Nc6 Rd7 38. Ne5 Rd6 39. Nc4 Rd7 40. Nxb6 Ra7
41. Nd5 Ng4 42. Nf4 Qh2+ 43. Kf1 a3 44. Re6 Nf6 45. Nxg6 Kxg6 46. Rxf6+ exf6 47.
Rxe8 a2 48. Qe4+ Kg7 49. Re7+ Rxe7 50. Qxe7+ Kg6 51. Qe8+ Kf5 52. Qe4+ Kg5 53.
Qf4+ Kg6 54. Qe4+ Kf7 55. Qd5+ Kg7 56. Qxa2 Qh1+ 57. Ke2 Qb7 58. Qc4 Qb6 59. Kf1
Qd6 60. Kg1 Qe5 61. Qb3 Qe1+ 62. Kg2 Qe2 63. b6 h4 64. Qd5 hxg3 65. Qf3 Qb2 66.
b7 gxf2 67. Qg3+ Kf7 68. b8=Q 1-0

[Event "IMSA Blitz w 2016"]
[Site "Huai'an CHN"]
[Date "2016.03.01"]
[Round "23.1"]
[White "Harika, Dronavalli"]
[Black "Ju, Wenjun"]
[Result "0-1"]
[WhiteTitle "GM"]
[BlackTitle "GM"]
[WhiteElo "2511"]
[BlackElo "2558"]
[WhiteFideId "5015197"]
[BlackFideId "8603006"]
[EventDate "2016.02.28"]

1. c4 Nf6 2. Nc3 c5 3. Nf3 Nc6 4. g3 d5 5. d4 e6 6. Bg2 dxc4 7. Qa4 Bd7 8. dxc5
Bxc5 9. O-O O-O 10. Qxc4 Be7 11. Rd1 Rc8 12. Be3 a6 13. Rac1 b5 14. Qf4 Qc7 15.
Qxc7 Rxc7 16. Bf4 Rcc8 17. Bd6 Bxd6 18. Rxd6 Rfd8 19. Ng5 Kf8 20. Nge4 Nxe4 21.
Nxe4 Ke7 22. Rdd1 Be8 23. Nc5 Rxd1+ 24. Rxd1 Nb4 25. Ne4 Nxa2 26. Ra1 Nb4 27.
Nc3 Bc6 28. Bxc6 Rxc6 29. f4 Rd6 30. Na2 Nd5 31. Kf2 f5 32. Nc3 Nxc3 33. bxc3
Rc6 34. Ra3 Kd6 35. Ke3 Kc5 36. Kd3 Rd6+ 37. Kc2 Kd5 38. Kd3 h6 39. Ra1 Kc5+ 40.
Kc2 Kc4 41. Re1 a5 42. e4 Rd3 43. exf5 Rxc3+ 44. Kb2 exf5 45. Re7 Rf3 46. Rc7+
Kb4 47. Rxg7 a4 48. Rf7 Rf2+ 49. Kc1 a3 50. Ra7 Kb3 0-1

[Event "IMSA Blitz w 2016"]
[Site "Huai'an CHN"]
[Date "2016.03.01"]
[Round "23.2"]
[White "Huang, Qian"]
[Black "Gunina, Valentina"]
[Result "0-1"]
[WhiteTitle "WGM"]
[BlackTitle "GM"]
[WhiteElo "2450"]
[BlackElo "2496"]
[WhiteFideId "8602689"]
[BlackFideId "4167570"]
[EventDate "2016.02.28"]

1. Nf3 d5 2. g3 c6 3. Bg2 Bg4 4. O-O e6 5. c4 Nd7 6. b3 Ngf6 7. Bb2 Bd6 8. d4
O-O 9. Nbd2 Qe7 10. a3 Bh5 11. Re1 Rfd8 12. Qc2 Bg6 13. Qc3 Rac8 14. Nh4 c5 15.
Nxg6 hxg6 16. dxc5 Nxc5 17. Qe3 Ng4 18. Qf3 Ne5 19. Qe3 Ng4 20. Qf3 Be5 21. Bxe5
Nxe5 22. Qf4 dxc4 23. Nxc4 Nxc4 24. Qxc4 Nd3 25. Qb5 Nxe1 26. Rxe1 b6 27. a4 Rd2
28. Bf3 Qc5 29. Qa6 Rc7 30. Rb1 g5 31. h3 Qf5 32. Re1 g6 33. Kg2 Kg7 34. b4 Rdc2
35. Rd1 Qe5 36. Qd3 Rc1 37. Rd2 Ra1 38. Qd8 Qc3 39. b5 0-1

[Event "IMSA Blitz w 2016"]
[Site "Huai'an CHN"]
[Date "2016.03.01"]
[Round "23.4"]
[White "Mkrtchian, Lilit"]
[Black "Khotenashvili, Bela"]
[Result "1-0"]
[WhiteTitle "IM"]
[BlackTitle "GM"]
[WhiteElo "2434"]
[BlackElo "2502"]
[WhiteFideId "13300601"]
[BlackFideId "13602640"]
[EventDate "2016.02.28"]

1. c4 g6 2. g3 Bg7 3. Bg2 c5 4. Nc3 Nc6 5. e3 e6 6. Nge2 Nge7 7. Nf4 O-O 8. O-O
d6 9. b3 f5 10. Bb2 e5 11. Nfd5 Be6 12. d3 a6 13. Qd2 Rb8 14. Rac1 b5 15. Ne2
Bf7 16. f4 Re8 17. fxe5 dxe5 18. Nxe7+ Nxe7 19. cxb5 Rxb5 20. Nc3 Rb6 21. Na4
Rd6 22. Nxc5 Qb6 23. Kh1 Bd5 24. e4 Ba8 25. Qc3 Rf8 26. b4 Kh8 27. a3 h5 28.
Rce1 Kh7 29. Qc2 a5 30. Bc3 axb4 31. axb4 Nc6 32. exf5 gxf5 33. Qe2 Kg6 34. Rb1
Nd4 35. Bxd4 Rxd4 36. Bxa8 Rxa8 37. Rxf5 Kxf5 38. Qf3+ Kg6 39. Qxa8 Rxb4 40.
Qe8+ Kh6 41. Rxb4 Qxb4 42. Qe6+ Kh7 43. Qf5+ Kh6 44. Ne6 Qe1+ 45. Kg2 Qe2+ 46.
Kh3 Qd1 47. Qg5+ 1-0

[Event "IMSA Blitz w 2016"]
[Site "Huai'an CHN"]
[Date "2016.03.01"]
[Round "23.6"]
[White "Lagno, Kateryna"]
[Black "Socko, Monika"]
[Result "1-0"]
[WhiteTitle "GM"]
[BlackTitle "GM"]
[WhiteElo "2529"]
[BlackElo "2448"]
[WhiteFideId "14109336"]
[BlackFideId "1106619"]
[EventDate "2016.02.28"]

1. e4 e6 2. d4 d5 3. Nc3 Bb4 4. e5 Bxc3+ 5. bxc3 c5 6. Qg4 Ne7 7. Bd3 Qc7 8.
Qxg7 Rg8 9. Qxh7 cxd4 10. Ne2 dxc3 11. Ba3 Qxe5 12. Bxe7 Rh8 13. f4 Qxe2+ 14.
Kxe2 Rxh7 15. Bf6 Rh6 16. Bg7 Rh4 17. Kf3 f5 18. g3 Rh7 19. Bxc3 Nc6 20. h4 d4
21. Bd2 e5 22. fxe5 Nxe5+ 23. Kf4 Nxd3+ 24. cxd3 Be6 25. h5 Kd7 26. h6 Rg8 27.
Ke5 Rxg3 28. Kxd4 Rg2 29. Bf4 Rxa2 30. Rxa2 Bxa2 31. Ra1 Be6 32. Rxa7 Kc6 33.
Ke5 Bc8 34. Kf6 Kb6 35. Ra8 Bd7 36. Kg6 1-0

[Event "IMSA Blitz w 2016"]
[Site "Huai'an CHN"]
[Date "2016.03.01"]
[Round "24.1"]
[White "Ju, Wenjun"]
[Black "Zhao, Xue"]
[Result "0-1"]
[WhiteTitle "GM"]
[BlackTitle "GM"]
[WhiteElo "2558"]
[BlackElo "2506"]
[WhiteFideId "8603006"]
[BlackFideId "8601283"]
[EventDate "2016.02.28"]

1. c4 b6 2. e4 c5 3. Nc3 Nc6 4. Nge2 g6 5. d4 cxd4 6. Nxd4 Bg7 7. Be3 Bb7 8. Be2
Nf6 9. f3 Rc8 10. O-O O-O 11. Rc1 d6 12. Qd2 Nd7 13. Nxc6 Bxc6 14. Rfd1 Re8 15.
b3 Qc7 16. Nd5 Qb8 17. Bf1 Nf6 18. Nc3 Red8 19. h3 a6 20. Nd5 Nxd5 21. cxd5 Bb5
22. Bxb5 axb5 23. Qb4 Qa7 24. Qxb5 Qxa2 25. Rc6 Ra8 26. Bxb6 Rdb8 27. Qc4 Rxb6
28. Rxb6 Qa7 29. Qc6 Rb8 30. Kh2 Qxb6 31. Qd7 Be5+ 32. Kh1 Qxb3 0-1

[Event "IMSA Blitz w 2016"]
[Site "Huai'an CHN"]
[Date "2016.03.01"]
[Round "24.4"]
[White "Socko, Monika"]
[Black "Tan, Zhongyi"]
[Result "0-1"]
[WhiteTitle "GM"]
[BlackTitle "WGM"]
[WhiteElo "2448"]
[BlackElo "2504"]
[WhiteFideId "1106619"]
[BlackFideId "8603642"]
[EventDate "2016.02.28"]

1. d4 Nf6 2. c4 e6 3. Nf3 d5 4. Nc3 Bb4 5. cxd5 exd5 6. Bf4 c5 7. g3 O-O 8. Bg2
c4 9. O-O Nc6 10. Bg5 Bxc3 11. bxc3 h6 12. Bxf6 Qxf6 13. e4 dxe4 14. Nd2 Bf5 15.
Nxc4 Rad8 16. Ne3 Bg6 17. Qb1 Qe7 18. d5 Ne5 19. Qd1 f5 20. c4 f4 21. gxf4 Rxf4
22. Kh1 Rh4 23. d6 Rxd6 24. Nd5 Qg5 25. Qb3 Nf3 26. h3 Qe5 27. Bxf3 exf3 28.
Ne7+ Kh7 29. Qxf3 Be4 30. Qxe4+ Qxe4+ 31. f3 Qxe7 0-1

[Event "IMSA Blitz w 2016"]
[Site "Huai'an CHN"]
[Date "2016.03.01"]
[Round "24.7"]
[White "Dzagnidze, Nana"]
[Black "Huang, Qian"]
[Result "0-1"]
[WhiteTitle "GM"]
[BlackTitle "WGM"]
[WhiteElo "2529"]
[BlackElo "2450"]
[WhiteFideId "13601903"]
[BlackFideId "8602689"]
[EventDate "2016.02.28"]

1. d4 d5 2. c4 dxc4 3. Nf3 Nf6 4. e3 Be6 5. a4 Bd5 6. Nbd2 e6 7. Bxc4 c5 8. O-O
Nc6 9. b3 cxd4 10. Nxd4 Nxd4 11. exd4 Be7 12. Nf3 O-O 13. Bf4 Rc8 14. Rc1 Qb6
15. Qe2 Rfd8 16. Rfd1 h6 17. h3 Ba3 18. Rb1 Ne4 19. Qe3 Qa5 20. Ne5 Nc3 21. Qg3
Bxc4 22. Kh1 Ne2 23. Qg4 Ba6 24. Bxh6 Bf8 25. b4 Qxa4 26. Qf3 Rc7 27. Bg5 Rxd4
28. Re1 Qc2 29. Bd8 Rxd8 0-1

[Event "IMSA Blitz w 2016"]
[Site "Huai'an CHN"]
[Date "2016.03.01"]
[Round "24.8"]
[White "Gunina, Valentina"]
[Black "Harika, Dronavalli"]
[Result "1-0"]
[WhiteTitle "GM"]
[BlackTitle "GM"]
[WhiteElo "2496"]
[BlackElo "2511"]
[WhiteFideId "4167570"]
[BlackFideId "5015197"]
[EventDate "2016.02.28"]

1. d4 Nf6 2. c4 g6 3. Nc3 Bg7 4. e4 d6 5. f3 O-O 6. Nge2 c5 7. Be3 Nc6 8. d5 Ne5
9. Ng3 e6 10. Be2 exd5 11. cxd5 b5 12. Nxb5 Rb8 13. Qc2 Rxb5 14. Bxb5 Qa5+ 15.
Bd2 Qxb5 16. Bc3 Nfd7 17. O-O-O c4 18. Ne2 Nd3+ 19. Kb1 N7c5 20. Bxg7 Kxg7 21.
Nd4 Qb6 22. Rd2 Ba6 23. Nc6 Bb5 24. Qc3+ f6 25. Nd4 Kf7 26. Qa3 Rb8 27. Ka1 Bd7
28. Rc2 Na4 29. Nc6 Bxc6 30. dxc6 Naxb2 31. Qxd6 Rd8 32. Qa3 Qd4 33. Qc3 Qxc3
34. Rxc3 Rc8 35. Rb1 Na4 36. Rxc4 Nb6 37. Rc3 Ne5 38. Rbc1 Ke7 39. f4 Nf7 40.
Ra3 Rc7 41. Rd3 Nd6 42. Rd4 Nb5 43. Rb4 Nd6 44. a4 Nbc8 45. e5 fxe5 46. fxe5 Ne8
47. Rb7 Ke6 48. Rc5 Ne7 49. Kb2 g5 50. g4 Ng6 51. Rb8 Ke7 52. Kc3 Ng7 53. Rb7
Ne6 54. Rd5 Ke8 55. Rd6 Ngf8 56. Kb4 Rc8 57. Ka5 Nd8 58. Kb5 Nxb7 59. cxb7 Rb8
60. Ka6 Ke7 61. Kxa7 Re8 1-0

[Event "IMSA Blitz w 2016"]
[Site "Huai'an CHN"]
[Date "2016.03.01"]
[Round "25.1"]
[White "Gunina, Valentina"]
[Black "Ju, Wenjun"]
[Result "1/2-1/2"]
[WhiteTitle "GM"]
[BlackTitle "GM"]
[WhiteElo "2496"]
[BlackElo "2558"]
[WhiteFideId "4167570"]
[BlackFideId "8603006"]
[EventDate "2016.02.28"]

1. d4 Nf6 2. c4 e6 3. Nf3 d5 4. Nc3 c5 5. cxd5 cxd4 6. Qxd4 exd5 7. e4 Nc6 8.
Bb5 dxe4 9. Qxd8+ Kxd8 10. Ng5 Be6 11. O-O Bb4 12. Ncxe4 Nxe4 13. Nxe4 Ke7 14.
Bg5+ f6 15. Bf4 Nd4 16. Bd3 Kf7 17. a3 Be7 18. Rac1 Rac8 19. Be3 Rhd8 20. Rxc8
Bxc8 21. Rc1 Be6 22. Bf1 b6 23. Rc7 Nf5 24. Rxa7 Rd1 25. Bxb6 Bc4 26. Nd2 Bd3
27. Ba5 Nd4 28. f3 Nc6 29. Kf2 Bxf1 30. Rc7 Nxa5 31. Nxf1 Rb1 32. b4 Rb2+ 33.
Kg3 Nb3 34. Ne3 Ke6 35. Rc6+ Kd7 36. Rb6 Nd4 37. Rb7+ Ke6 38. Kf4 f5 39. Rb6+
Kd7 40. Rb7+ Ke6 41. Rb6+ Kd7 42. Rb7+ Ke6 43. Rb6+ Kd7 1/2-1/2

[Event "IMSA Blitz w 2016"]
[Site "Huai'an CHN"]
[Date "2016.03.01"]
[Round "25.2"]
[White "Harika, Dronavalli"]
[Black "Dzagnidze, Nana"]
[Result "1/2-1/2"]
[WhiteTitle "GM"]
[BlackTitle "GM"]
[WhiteElo "2511"]
[BlackElo "2529"]
[WhiteFideId "5015197"]
[BlackFideId "13601903"]
[EventDate "2016.02.28"]

1. d4 Nf6 2. Bg5 Ne4 3. Bf4 d5 4. e3 c5 5. Bd3 Nf6 6. Nd2 Nc6 7. c3 e6 8. Ngf3
Bd6 9. Bg3 O-O 10. Qe2 Re8 11. Ne5 Bxe5 12. dxe5 Nd7 13. f4 b6 14. e4 Bb7 15.
exd5 exd5 16. O-O Nf8 17. Nf3 f6 18. Rad1 Qe7 19. Bc2 Rad8 20. Bb3 Na5 21. Bc2
Kh8 22. Nh4 Qf7 23. b3 Nc6 24. Rde1 d4 25. c4 Nb4 26. Be4 d3 27. Qd2 Bxe4 28.
Rxe4 Qb7 29. Re3 fxe5 30. fxe5 Ne6 31. a3 Nc6 32. Rxd3 Rxd3 33. Qxd3 Ncd4 34. b4
Qd7 35. b5 Rf8 36. Rxf8+ Nxf8 37. h3 Qf7 38. Kh2 g5 39. Nf3 Nfe6 40. Nxd4 cxd4
41. Qe4 Kg7 42. Qd5 Qf5 43. Qd7+ Qf7 44. Qd5 Qf5 45. Qd7+ Qf7 46. Qd5 1/2-1/2

[Event "IMSA Blitz w 2016"]
[Site "Huai'an CHN"]
[Date "2016.03.01"]
[Round "25.3"]
[White "Huang, Qian"]
[Black "Khotenashvili, Bela"]
[Result "0-1"]
[WhiteTitle "WGM"]
[BlackTitle "GM"]
[WhiteElo "2450"]
[BlackElo "2502"]
[WhiteFideId "8602689"]
[BlackFideId "13602640"]
[EventDate "2016.02.28"]

1. Nf3 g6 2. g3 Bg7 3. Bg2 e5 4. d3 d5 5. O-O Ne7 6. e4 O-O 7. exd5 Nxd5 8. Re1
Nc6 9. c3 h6 10. Nbd2 Be6 11. Nc4 f6 12. d4 Nxc3 13. Qb3 Na5 14. Qxc3 Nxc4 15.
dxe5 fxe5 16. Nh4 g5 17. Nf3 e4 18. Qc2 exf3 19. Rxe6 fxg2 20. Qxc4 Qd1+ 21.
Kxg2 Qf3+ 22. Kh3 Qf5+ 23. Qg4 Qxf2 24. Be3 Qxb2 25. Rd1 Rad8 26. Rxd8 Rxd8 27.
Re7 Qf6 28. Qc4+ Kh8 29. Rxc7 Qf5+ 30. Kg2 g4 31. Rf7 Qg6 32. Rxb7 Re8 33. Bf2
Rf8 34. Be3 Qf5 35. Bf4 Rc8 36. Rc7 Rxc7 37. Qxc7 Qe4+ 38. Kf1 Qb1+ 39. Qc1 Qd3+
40. Kg2 Qe2+ 41. Kh1 Qf3+ 0-1

[Event "IMSA Blitz w 2016"]
[Site "Huai'an CHN"]
[Date "2016.03.01"]
[Round "25.5"]
[White "Mkrtchian, Lilit"]
[Black "Socko, Monika"]
[Result "0-1"]
[WhiteTitle "IM"]
[BlackTitle "GM"]
[WhiteElo "2434"]
[BlackElo "2448"]
[WhiteFideId "13300601"]
[BlackFideId "1106619"]
[EventDate "2016.02.28"]

1. c4 Nf6 2. g3 g6 3. Bg2 Bg7 4. Nc3 d6 5. d3 e5 6. e4 Nc6 7. Nge2 O-O 8. O-O
Be6 9. Nd5 Qd7 10. f4 Ne8 11. Be3 Nd4 12. Nxd4 exd4 13. Bf2 c6 14. Nb4 Nc7 15.
Nc2 c5 16. Ne1 Rab8 17. Nf3 Bh3 18. Nd2 Bxg2 19. Kxg2 a6 20. b3 Rfe8 21. Qf3 b5
22. Rab1 bxc4 23. dxc4 f5 24. Rbe1 Qf7 25. exf5 gxf5 26. Qc6 Rbd8 27. Nf3 Qd7
28. Rxe8+ Nxe8 29. Qxa6 d5 30. Re1 d3 31. Rd1 d4 32. Rxd3 Nd6 33. Ne5 Bxe5 34.
fxe5 Ne4 35. Qh6 Re8 36. Qf4 Qe6 37. a4 h6 38. Be1 Ng5 39. h4 Qc6+ 40. Kh2 Qe4
41. Qxe4 fxe4 42. Rd1 Nf3+ 43. Kg2 Nxe5 44. a5 Ra8 45. Ra1 Ra6 46. b4 cxb4 47.
Bxb4 Nxc4 48. Rd1 Ne3+ 0-1

[Event "IMSA Blitz w 2016"]
[Site "Huai'an CHN"]
[Date "2016.03.01"]
[Round "25.8"]
[White "Paehtz, Elisabeth"]
[Black "Zhao, Xue"]
[Result "0-1"]
[WhiteTitle "IM"]
[BlackTitle "GM"]
[WhiteElo "2472"]
[BlackElo "2506"]
[WhiteFideId "4641833"]
[BlackFideId "8601283"]
[EventDate "2016.02.28"]

1. e4 b6 2. d4 e6 3. Bd3 d5 4. e5 Ne7 5. c3 c5 6. Ne2 Nec6 7. O-O Ba6 8. Bxa6
Nxa6 9. Qd3 Nc7 10. a3 c4 11. Qg3 Qd7 12. Bg5 h6 13. Be3 O-O-O 14. Nd2 f6 15. f4
f5 16. Qf3 Na5 17. Rab1 Be7 18. Nc1 Nb5 19. a4 Nc7 20. Qd1 g5 21. Ra1 gxf4 22.
Bxf4 Bg5 23. b3 Rdg8 24. Qf3 Qg7 25. Rf2 Bxf4 26. Qxf4 h5 27. b4 Nc6 28. Ne2 Ne7
29. Nf3 a6 30. Qd2 h4 31. Nf4 Kd7 32. Raf1 Qg4 33. Qe3 Qg7 34. Qd2 Qh6 35. Nh3
Qh5 36. Nf4 Qh7 37. Nh3 Rg6 38. Nf4 Rg4 39. h3 Rg3 40. Ne2 Rg7 41. Nf4 Rhg8 42.
Re1 Rg3 43. Kh2 Ne8 44. Ree2 Qg7 45. Kh1 Qh8 46. b5 a5 47. Qe3 Qh7 48. Qc1 Qf7
49. Re1 Rh8 50. Ree2 Ng7 51. Re1 Ne8 52. Ree2 Ng6 53. Nxg6 Qxg6 54. Qf4 Ng7 55.
Qc1 Qf7 56. Qa3 Qe7 57. Qxe7+ Kxe7 58. Kh2 Rg6 59. Ng1 Nh5 60. Re3 Ng3 61. Ne2
Ne4 62. Rf1 Rhg8 63. Nf4 Rg3 64. Rxg3 Rxg3 65. Rf3 Rxf3 66. gxf3 Nxc3 67. Ng6+
Kf7 68. Nxh4 Nxa4 69. Ng2 Nc3 70. Ne3 a4 71. Nc2 a3 72. Nxa3 Ne2 73. Nc2 Nc3 74.
Na3 Nd1 75. Kg3 c3 76. Nc2 Kg6 77. Kg2 Kg5 78. Kg3 f4+ 79. Kh2 Ne3 80. Ne1 Nf1+
81. Kg1 Ng3 82. Kf2 Nf5 83. Nc2 Kh4 84. Ke2 Kxh3 85. Kd3 Kg2 86. Kxc3 Kxf3 87.
Nb4 Ke2 88. Nc6 f3 89. Nd8 f2 0-1

[Event "IMSA Blitz w 2016"]
[Site "Huai'an CHN"]
[Date "2016.03.01"]
[Round "26.1"]
[White "Ju, Wenjun"]
[Black "Paehtz, Elisabeth"]
[Result "0-1"]
[WhiteTitle "GM"]
[BlackTitle "IM"]
[WhiteElo "2558"]
[BlackElo "2472"]
[WhiteFideId "8603006"]
[BlackFideId "4641833"]
[EventDate "2016.02.28"]

1. c4 b6 2. e4 Bb7 3. Nc3 e6 4. d4 Bb4 5. Qc2 Qh4 6. d5 Nf6 7. Bd3 Na6 8. Nf3
Qh5 9. O-O Bxc3 10. Qxc3 Nc5 11. e5 Ng4 12. Be2 exd5 13. h3 Nh6 14. cxd5 Bxd5
15. b4 Ne6 16. Qd3 c6 17. b5 Qg6 18. bxc6 dxc6 19. Qa3 Nf5 20. Re1 Nfd4 21. Qc3
Qc2 22. Qe3 Nxe2+ 23. Rxe2 Qg6 24. Rd2 O-O 25. Ba3 Rfe8 26. Bd6 h6 27. Rad1 Qh5
28. Ne1 Ng5 29. Rd4 Ne6 30. R4d2 Qg6 31. f4 h5 32. Nd3 Qf5 33. Qg3 g6 34. a3 Qe4
35. Re1 Qd4+ 36. Kh2 Ng7 37. Bb4 Nf5 38. Qg5 Qc4 39. Nf2 a5 40. Rxd5 cxd5 41. g4
Qc2 42. Kg1 axb4 43. gxh5 Ng7 44. Ng4 Nxh5 45. Nh6+ Kh7 46. Nxf7 Qf5 47. Qh6+
Kg8 48. Ng5 Ra7 49. e6 Rg7 50. axb4 Qxf4 51. Rf1 Qg3+ 52. Kh1 Nf4 53. Rf3 Qe1+
54. Kh2 Qe2+ 55. Kg3 Nh5+ 56. Kh4 Qc4+ 0-1

[Event "IMSA Blitz w 2016"]
[Site "Huai'an CHN"]
[Date "2016.03.01"]
[Round "26.2"]
[White "Zhao, Xue"]
[Black "Lagno, Kateryna"]
[Result "0-1"]
[WhiteTitle "GM"]
[BlackTitle "GM"]
[WhiteElo "2506"]
[BlackElo "2529"]
[WhiteFideId "8601283"]
[BlackFideId "14109336"]
[EventDate "2016.02.28"]

1. c4 g6 2. Nf3 Bg7 3. h4 Nf6 4. Nc3 c5 5. d4 cxd4 6. Nxd4 Nc6 7. Nc2 d6 8. g3
Be6 9. Nd5 Nxd5 10. cxd5 Qa5+ 11. Bd2 Qxd5 12. Rh2 Bxb2 13. Rb1 Qxa2 14. e3 Bf5
15. g4 Bxg4 16. Rxb2 Qxb2 17. Qxg4 Qxc2 18. h5 Ne5 19. Qg2 Qb1+ 20. Ke2 Rc8 21.
hxg6 Qxg6 22. Qxb7 Qe6 23. Kd1 Qg4+ 24. Be2 Qg1+ 25. Be1 Rc1+ 26. Kxc1 Qxe1+ 27.
Bd1 O-O 28. Qg2+ Kh8 29. Qh3 Qc3+ 30. Bc2 Nd3+ 31. Kd1 Qe1# 0-1

[Event "IMSA Blitz w 2016"]
[Site "Huai'an CHN"]
[Date "2016.03.01"]
[Round "26.7"]
[White "Khotenashvili, Bela"]
[Black "Harika, Dronavalli"]
[Result "1/2-1/2"]
[WhiteTitle "GM"]
[BlackTitle "GM"]
[WhiteElo "2502"]
[BlackElo "2511"]
[WhiteFideId "13602640"]
[BlackFideId "5015197"]
[EventDate "2016.02.28"]

1. Nf3 Nf6 2. c4 g6 3. d4 Bg7 4. Nc3 O-O 5. e4 d6 6. h3 c5 7. d5 e6 8. Be2 exd5
9. exd5 Re8 10. O-O a6 11. Re1 Bf5 12. Bf4 Ne4 13. Nxe4 Rxe4 14. Qd2 Nd7 15. g4
Bxg4 16. hxg4 Qf6 17. Bg3 Rxg4 18. Nh2 Rd4 19. Qe3 h5 20. Nf3 h4 21. Bh2 Rg4+
22. Kh1 h3 23. Rg1 Rxg1+ 24. Rxg1 Qxb2 25. Bxd6 Nf6 26. a3 Re8 27. Be5 Qa2 28.
Qd3 Nh5 29. Bxg7 Rxe2 30. Ba1 Rxf2 31. Qe4 Re2 32. Rxg6+ fxg6 33. Qxg6+ Kf8 34.
Qf5+ Ke8 35. Qxh5+ Kd7 36. Qf5+ Kd8 37. Qf6+ Ke8 38. Qg6+ Kd7 39. Be5 Qc2 40.
Qe6+ Kd8 41. Qd6+ Ke8 42. Qb8+ Kf7 43. Qxb7+ Kg6 44. Qc6+ Kf5 45. Qf6+ Ke4 46.
Ng5+ Kd3 47. Qf5+ Kxc4 48. Qxc2+ Rxc2 49. d6 Rd2 50. Nf3 Rd1+ 51. Kh2 Kb3 52.
Bf4 Rd5 53. Kxh3 c4 54. Kg4 c3 55. Ng5 c2 56. Ne4 Kxa3 57. Bc1+ Kb3 58. Kf3 Rd3+
59. Ke2 Rd5 60. d7 Kc4 61. Nf6 Rd6 62. Bf4 Rd4 63. Be3 Rd6 64. Bf4 Rd4 65. Be3
Rd6 66. Bf4 Rd4 1/2-1/2

[Event "IMSA Blitz w 2016"]
[Site "Huai'an CHN"]
[Date "2016.03.01"]
[Round "26.8"]
[White "Dzagnidze, Nana"]
[Black "Gunina, Valentina"]
[Result "1-0"]
[WhiteTitle "GM"]
[BlackTitle "GM"]
[WhiteElo "2529"]
[BlackElo "2496"]
[WhiteFideId "13601903"]
[BlackFideId "4167570"]
[EventDate "2016.02.28"]

1. d4 d5 2. c4 c6 3. cxd5 cxd5 4. Nc3 Nf6 5. Bf4 Nc6 6. Nf3 Nh5 7. Bd2 Nf6 8.
Rc1 e6 9. Bf4 Bd6 10. Bg3 O-O 11. e3 a6 12. Bd3 Re8 13. Ne5 Bxe5 14. dxe5 Nd7
15. f4 f6 16. exf6 Nxf6 17. O-O e5 18. Bh4 Bg4 19. Bxf6 Bxd1 20. Bxd8 Bh5 21.
Bh4 d4 22. exd4 exd4 23. Nd5 Rab8 24. Rfe1 Bf7 25. Ne7+ Nxe7 26. Rxe7 Rxe7 27.
Bxe7 Bxa2 28. Rc7 b5 29. Bd6 Re8 30. Be5 Bf7 31. b4 h5 32. Kf2 Ra8 33. Be4 Rd8
34. Ke2 h4 35. Kd2 Kf8 36. Ra7 Rc8 37. Ra8 1-0

[Event "IMSA Blitz w 2016"]
[Site "Huai'an CHN"]
[Date "2016.03.01"]
[Round "27.1"]
[White "Dzagnidze, Nana"]
[Black "Ju, Wenjun"]
[Result "1-0"]
[WhiteTitle "GM"]
[BlackTitle "GM"]
[WhiteElo "2529"]
[BlackElo "2558"]
[WhiteFideId "13601903"]
[BlackFideId "8603006"]
[EventDate "2016.02.28"]

1. d4 Nf6 2. c4 g6 3. Nc3 Bg7 4. Nf3 O-O 5. g3 d5 6. cxd5 Nxd5 7. Bg2 c5 8. O-O
Nxc3 9. bxc3 Nc6 10. dxc5 Bxc3 11. Rb1 Bg7 12. Bb2 Qa5 13. Bxg7 Kxg7 14. Nd4
Qxc5 15. Nxc6 bxc6 16. Rc1 Qe5 17. Bxc6 Rb8 18. Qd2 Bh3 19. Bg2 Bxg2 20. Kxg2
Rb2 21. Qc3 Qxc3 22. Rxc3 Rxa2 23. Re3 e6 24. Rb1 g5 25. Rb7 Kg6 26. g4 Rd8 27.
Rf3 f6 28. Re7 Rxe2 29. Rxa7 Rd6 30. Rb3 Rdd2 31. Rf3 Re4 32. h3 Rf4 33. Ra8
Rxf3 34. Kxf3 Rd3+ 35. Kg2 h5 36. Rg8+ Kf7 37. Ra8 h4 38. Ra7+ Kg6 39. Ra6 Kf7
40. Ra7+ Kg6 41. Ra6 e5 42. Rb6 Rd7 43. Ra6 Kf7 44. Rb6 Ke7 45. Ra6 Rd6 46. Ra8
Ke6 47. Ra5 Rd5 48. Ra6+ Rd6 49. Ra5 e4 50. Rb5 Rd5 51. Rb8 Ke5 52. Rb6 Rd2 53.
Kf1 Rd1+ 54. Kg2 Rd6 55. Rb5+ Rd5 56. Rb6 Rd2 57. Rb5+ Rd5 58. Rb6 Rd6 59. Rb5+
Kd4 60. Ra5 Rd5 61. Ra6 Ke5 62. Ra4 f5 63. gxf5 Kxf5 64. Ra8 Rd2 65. Re8 Ra2 66.
Re7 Re2 67. Kf1 Ra2 68. Kg2 Ra4 69. Re8 Kf6 70. Kf1 Ra3 71. Kg2 Ra4 72. Kf1 Rb4
73. Kg2 Rd4 74. Kf1 Kf5 75. Kg2 Rd6 76. Kf1 Rf6 77. Kg2 Kf4 78. Re7 g4 79. hxg4
Rg6 80. Kh3 Rg8 81. Rf7+ Kg5 82. Rf5+ Kg6 83. Kxh4 Rh8+ 84. Kg3 Re8 85. Kf4 Re7
86. Re5 Rf7+ 87. Rf5 Re7 88. Ke3 Re8 89. Rf4 Kg5 90. Rxe4 Rf8 91. f3 Rf7 92.
Re5+ Kg6 93. Kf2 Ra7 94. Kg3 Ra4 95. Rb5 Rc4 96. Kh4 Ra4 97. Rb6+ Kg7 98. Kh5
Ra5+ 99. g5 Rc5 100. f4 Ra5 101. Rb7+ Kg8 102. Kh6 Ra1 103. f5 1-0

[Event "IMSA Blitz w 2016"]
[Site "Huai'an CHN"]
[Date "2016.03.01"]
[Round "27.2"]
[White "Gunina, Valentina"]
[Black "Khotenashvili, Bela"]
[Result "1-0"]
[WhiteTitle "GM"]
[BlackTitle "GM"]
[WhiteElo "2496"]
[BlackElo "2502"]
[WhiteFideId "4167570"]
[BlackFideId "13602640"]
[EventDate "2016.02.28"]

1. d4 g6 2. c4 Bg7 3. Nc3 c5 4. d5 d6 5. Nf3 e6 6. g3 Ne7 7. Bg2 O-O 8. O-O e5
9. e4 h6 10. Bd2 Nd7 11. Qc2 f5 12. exf5 gxf5 13. Nh4 a6 14. Rae1 Nf6 15. a4 Bd7
16. b3 Rb8 17. h3 Rf7 18. Kh2 Kh8 19. Qc1 Kh7 20. f4 e4 21. Nd1 b5 22. axb5 axb5
23. Ne3 bxc4 24. bxc4 Rb3 25. Qc2 Qb8 26. Rb1 Rxb1 27. Rxb1 Qa7 28. Bc3 Qa3 29.
Rb3 Qa4 30. Qb2 Nh5 31. Bxg7 Nxg7 32. Rb7 Nh5 33. Qb6 Nc8 34. Qd8 Ng7 35. Nhxf5
Nxf5 36. Nxf5 1-0